000 00269nam a22001097a 4500
008 170124b xxu||||| |||| 00| 0 eng d
020 _a9780397551606
041 _aeng
080 _26TH
_a618.2
245 _aHANDBOOK OF NURSING DIAGNOSIS
_cLIPPINCOT, J.B
942 _2udc
_cBK
999 _c3442
_d3442